Paises con más luz solar por m² - Estadísticas

Estadísticas generales
  • Esta prueba ha sido intentada 27 veces
  • La puntuación promedio es 12 de 20
Estadísticas de respuestas
Potencia País % Correcto
6.10 Egipto
92%
5.91 Libia
92%
6.07 Arabia Saudi
83%
6.23 Sudan
83%
6.00 Emiratos Árabes Unidos
79%
6.16 Oman
79%
5.89 Catar
75%
6.06 Chad
75%
5.93 Mali
75%
5.97 Mauritania
75%
6.41 Yemen
75%
6.17 Niger
71%
5.89 Eritrea
63%
5.90 Jordania
63%
5.97 Yibuti
54%
6.27 Namibia
46%
6.03 Botsuana
17%
5.88 Nauru
13%
5.84 El Salvador
8%
6.00 Kiribati
8%
No se encontraron pruebas coincidentes
Distribución de puntuación
Porcentaje de gente con cada puntuación
Porcentaje por número respondido
Historial de tus puntuaciones
No has intentado esta prueba.